Mexican history Diego Rivera’s (Record no. 155398)

MARC details
000 -LEADER
campo de control de longitud fija 00755nam a2200193 i 4500
001 - NÚMERO DE CONTROL
campo de control 155398
003 - IDENTIFICADOR DE NÚMERO DE CONTROL
campo de control ES-MaACL
005 - FECHA Y HORA DE LA ÚLTIMA TRANSACCIÓN
campo de control 20250728191651.0
008 - DATOS DE LONGITUD FIJA--INFORMACIÓN GENERAL
campo de control de longitud fija 150908s1966 mx |||| | eng d
100 1# - ENTRADA PRINCIPAL--NOMBRE DE PERSONA
Nombre de persona Silva E., R. S.
9 (RLIN) 157409
245 10 - MENCIÓN DEL TÍTULO
Título Mexican history Diego Rivera’s
Resto del título : frescoes in the National Palace and elsewhere in Mexico City. : A descriptive guide book of the National Palace and its royal rooms /
Mención de responsabilidad, etc. R. S. Silva E.
260 ## - PUBLICACIÓN, DISTRIBUCIÓN, ETC.
Lugar de publicación, distribución, etc. Mexico City :
Nombre del editor, distribuidor, etc. Sinalomex. Editorial,
Fecha de publicación, distribución, etc. 1966.
300 ## - DESCRIPCIÓN FÍSICA
Extensión 1 vol. (pag. var.) :
Otras características físicas il. col. ;
Dimensiones 20 cm.
500 ## - NOTA GENERAL
Nota general Textos en inglés y español.
600 14 - PUNTO DE ACCESO ADICIONAL DE MATERIA--NOMBRE DE PERSONA
Nombre de persona Rivera, Diego,
Fechas asociadas al nombre 1886-1957
9 (RLIN) 97610
610 04 - PUNTO DE ACCESO ADICIONAL DE MATERIA--NOMBRE DE ENTIDAD CORPORATIVA
Nombre de entidad corporativa o nombre de jurisdicción como elemento de entrada Palacio Nacional (México)
9 (RLIN) 6096
852 ## - LOCALIZACIÓN
Ubicación ES-MaACL
Número de control de estantería 2331-F-15
Holdings
Estatus retirado Estado de pérdida Estado de daño No para préstamo Colección Biblioteca de origen Biblioteca actual Ubicación en estantería Fecha de adquisición Fuente de adquisición Total de préstamos Signatura topográfica completa Código de barras Visto por última vez Precio de reemplazo Tipo de ítem Koha
        Colección de folletos Biblioteca del Ateneo de Madrid Biblioteca del Ateneo de Madrid Depósito folletos 08/09/2015     2331-F-15 1194154 23/02/2023 23/02/2023 Folleto